| Поле | Название | Значение |
| |
Тип записи |
a |
| |
Библиографический уровень |
m |
| 001 |
Контрольный номер |
SKBR/d888dc75-254d-42ce-94a4-9e3e7958782d |
| 005 |
Дата корректировки |
20230112120034.7 |
| 010 |
Индекс ISBN |
## |
| a |
ISBN |
978-5-4484-0053-7 |
| 9 |
Тираж |
3000 экз. |
| b |
Уточнения |
в пер. |
| d |
Цена |
378-07 |
| 021 |
№ государственной регистрации |
## |
| a |
Код страны |
RU |
| b |
№ документа |
КН-П-18-028869 |
| 035 |
Другие системные номера |
__ |
| a |
Идентификатор записи |
RU/RGDB/BIBL/0000498644 |
| 073 |
Международный номер товара (EAN) |
#0 |
| a |
Стандартный номер (EAN) |
9785448400537 |
| 100 |
Данные общей обработки |
## |
| a |
Данные общей обработки |
20180524d2018 maey0rusy028902 ca |
| 101 |
Язык документа |
0_ |
| a |
Язык текста |
rus |
| 102 |
Страна публикации |
## |
| a |
Страна публикации |
RU |
| 105 |
Кодированные данные (монография) |
## |
| a |
Кодированные данные (монография) |
c z 000ay |
| 181 |
Поле кодированных данных: вид содержания |
_0 |
| a |
Код вида содержания (ISBD) |
i |
| 182 |
Поле кодированных данных: тип средства |
_0 |
| a |
Код типа средства (ISBD) |
n |
| 200 |
Заглавие и сведения об ответственности |
1_ |
| a |
Заглавие |
Дело Артамоновых |
| f |
Первые сведения об ответственности |
Максим Горький |
| e |
Сведения, относящиеся к заглавию |
роман |
| 203 |
Вид содержания и тип средства |
__ |
| a |
Вид содержания |
Текст |
| c |
Тип средства |
непосредственный |
| 210 |
Выходные данные |
## |
| a |
Место издания |
Москва |
| c |
Издательство |
Вече |
| d |
Дата издания |
2018 |
| 215 |
Физическое описание |
## |
| a |
Объем |
381, [2] с. |
| d |
Формат |
21 см |
| c |
Иллюстрации/тип воспроизводства |
портр. |
| 225 |
Серия |
1_ |
| a |
Серия |
100 великих романов |
| 330 |
Аннотация |
__ |
| a |
Аннотация |
Роман Максима Горького (1868-1936) о семейном бизнесе выходцев из крепостных крестьян - непростая история жизни трех поколений семьи русских фабрикантов. Горький хорошо знал эту среду и понимал, что слишком быстрый социальный рост нередко приводит к вырождению, губит людей, превращает их из хозяев "дела" в его рабов. |
| 333 |
Примечание о целевом назначении |
__ |
| a |
Примечание о целевом назначении |
12+. Для детей старше 12 лет |
| 532 |
Расширенное заглавие |
10 |
| a |
Расширенное заглавие |
100 великих романов |
| 606 |
Тематические рубрики |
0_ |
| 2 |
Код системы |
nlr_sh |
| a |
Основная рубрика |
Художественная литература |
| 606 |
Тематические рубрики |
__ |
| 2 |
Код системы |
nlr_sh |
| a |
Основная рубрика |
Русская литература XX в. (произведения) |
| 610 |
Ключевые слова |
0_ |
| a |
Ключевые слова |
романы |
| 610 |
Ключевые слова |
0_ |
| a |
Ключевые слова |
советская литература |
| 610 |
Ключевые слова |
0_ |
| a |
Ключевые слова |
проза |
| 610 |
Ключевые слова |
0_ |
| a |
Ключевые слова |
тема идеологии |
| 610 |
Ключевые слова |
0_ |
| a |
Ключевые слова |
буржуазная идеология |
| 610 |
Ключевые слова |
0_ |
| a |
Ключевые слова |
буржуазное общество |
| 610 |
Ключевые слова |
0_ |
| a |
Ключевые слова |
русский капитализм |
| 610 |
Ключевые слова |
0_ |
| a |
Ключевые слова |
исторические романы |
| 610 |
Ключевые слова |
0_ |
| a |
Ключевые слова |
тема семьи |
| 686 |
Индексы других классификаций |
## |
| a |
Классификационный индекс |
84(2=411.2)6-4; ст84(2=411.2)6-4 |
| 2 |
Код системы |
rubbks |
| 700 |
Автор |
_0 |
| 3 |
Контрольный № нормативной записи |
RU\RGDB\RUSMARC\AF\PT\1879 |
| a |
Фамилия |
Горький |
| b |
Имя |
М. |
| c |
Титул (звания) |
Пешков, Алексей Максимович |
| f |
Даты |
1868-1936 |
| g |
Полное личное имя |
Максим |
| 4 |
Код отношения |
070 |
| 790 |
Имя лица - альтернативная форма |
_1 |
| a |
Имя лица - альтернативная форма |
Пешков |
| f |
Даты |
1868-1936 |
| b |
Имя |
А. М. |
| g |
Полное личное имя |
Алексей Максимович |
| 4 |
Код отношения |
070 |
| 801 |
Источник записи |
_0 |
| a |
Страна |
RU |
| b |
Организация |
РГДБ |
| c |
Дата составления |
20180524 |
| g |
Правила каталогизации |
PSBO |
| 801 |
Источник записи |
_0 |
| a |
Страна |
RU |
| b |
Организация |
РГДБ |
| c |
Дата составления |
20180524 |
| g |
Правила каталогизации |
PSBO |
| 852 |
Данные о местонахождении |
__ |
| i |
Авторский знак |
Г 71 |
| j |
Шифр хранения |
84(2=411.2)6-4 |
| 900 |
Макрообъекты |
__ |
| a |
Макрообъекты |
Дело Артамоновых, 2018 |
| 901 |
Тип документа |
__ |
| a |
Ответственный |
ООФиК/Волкова |
| t |
Тип документа |
m |
| 903 |
Характеристики (МАРС) |
__ |
| a |
Дата передачи |
20221003 |
| c |
Наименование библиотеки (МАРС) |
Муниципальное бюджетное учреждение культуры "Централизованная библиотечная система" г. Сургут (Центральная городская библиотека им. А. С. Пушкина) |
| 990 |
Данные о заказе (DOS) |
__ |
| j |
Количество экземпляров (DOS) |
5 |
| t |
N записи в КСУ для И/У (DOS) |
202210 |